000 00915nam a2200241 a 4500
003 EG-GiCUC
008 081231s1976 ly b f 000 0 ara d
040 _aEG-GiCUC
_bara
_cEG-GiCUC
043 _af-ly---
050 4 _aDT238. F5
_bD36 1976
092 0 4 _a910.6123
_bD171
_221
099 _a04
_a910.6123 D171
100 1 _aالدناصورى : جمال الدين
245 1 0 _aجغرافية فزان :
_bدراسة فى الجغرافية المنهجية والاقليمية /
_cتأليف جمال الدين الدناصورى
260 _aليبيا :
_bدار ليبيا للنشر والتوزيع ،
_c1976
300 _a438ص :
_bخرائط ؛
_c24سم
504 _aيشتمل على ارجاعات بيبليوجرافية(ص431-436)
651 7 _aفزان(ليبيا)
_2qrmak
902 _a1
905 _aجيهان
_eمراجع
905 _aرضا
_eمدخل
942 _2ddc
_cBK
999 _c108773
_d108773